Pharmacology / (Record no. 480150)

000 -LEADER
fixed length control field 01536cam a22004218i 4500
001 - CONTROL NUMBER
control field 11674497
003 - CONTROL NUMBER IDENTIFIER
control field ASAB
005 - DATE AND TIME OF LATEST TRANSACTION
control field 20180827062645.0
006 - FIXED-LENGTH DATA ELEMENTS--ADDITIONAL MATERIAL CHARACTERISTICS
fixed length control field m d
007 - PHYSICAL DESCRIPTION FIXED FIELD--GENERAL INFORMATION
fixed length control field cr n
008 - FIXED-LENGTH DATA ELEMENTS--GENERAL INFORMATION
fixed length control field 140602s2014 pau s 001 0 eng d
020 ## - INTERNATIONAL STANDARD BOOK NUMBER
International Standard Book Number 978-93-5129-324-8
035 ## - SYSTEM CONTROL NUMBER
System control number (WaSeSS)ssj0001575318
040 ## - CATALOGING SOURCE
Original cataloging agency DNLM/DLC
Transcribing agency ASAB
Description conventions rda
Modifying agency WaSeSS
050 #4 - LIBRARY OF CONGRESS CALL NUMBER
Classification number RM301.14
060 10 - NATIONAL LIBRARY OF MEDICINE CALL NUMBER
Classification number QV 18.2
082 00 - DEWEY DECIMAL CLASSIFICATION NUMBER
Classification number 615.1076
Edition number 23
130 0# - MAIN ENTRY--UNIFORM TITLE
Uniform title Pharmacology (Whalen)
9 (RLIN) 1981
210 10 - ABBREVIATED TITLE
Abbreviated title Pharmacology /
245 10 - TITLE STATEMENT
Title Pharmacology /
Statement of responsibility, etc. [edited by] Karen Whalen ; collaborating editors, Richard Finkel, Thomas A. Panavelil.
250 ## - EDITION STATEMENT
Edition statement Sixth edition.
263 ## - PROJECTED PUBLICATION DATE
Projected publication date 1406
300 ## - PHYSICAL DESCRIPTION
Extent 670 P.
490 1# - SERIES STATEMENT
Series statement Lippincott's illustrated reviews
500 ## - GENERAL NOTE
General note Includes index.
500 ## - GENERAL NOTE
General note Preceded by Pharmacology / Michelle A. Clark ... [et al.]. 5th ed. c2012.
506 ## - RESTRICTIONS ON ACCESS NOTE
Terms governing access License restrictions may limit access.
650 12 - SUBJECT ADDED ENTRY--TOPICAL TERM
Topical term or geographic name entry element Pharmacology
Form subdivision Examination Questions.
9 (RLIN) 1982
650 12 - SUBJECT ADDED ENTRY--TOPICAL TERM
Topical term or geographic name entry element Pharmacology
Form subdivision Outlines.
9 (RLIN) 1983
700 1# - ADDED ENTRY--PERSONAL NAME
Personal name Whalen, Karen,
Relator term editor.
9 (RLIN) 1984
700 1# - ADDED ENTRY--PERSONAL NAME
Personal name Finkel, Richard
Fuller form of name (Richard S.),
Relator term editor.
9 (RLIN) 1985
700 1# - ADDED ENTRY--PERSONAL NAME
Personal name Panavelil, Thomas A.,
Relator term editor.
9 (RLIN) 1986
773 #0 - HOST ITEM ENTRY
Title LWW Health Library - Premium Basic Science Collection
830 #0 - SERIES ADDED ENTRY--UNIFORM TITLE
Uniform title Lippincott's illustrated reviews.
9 (RLIN) 1987
856 40 - ELECTRONIC LOCATION AND ACCESS
Uniform Resource Identifier <a href="http://www.columbia.edu/cgi-bin/cul/resolve?clio11674497">http://www.columbia.edu/cgi-bin/cul/resolve?clio11674497</a>
Public note Full text available from LWW Health Library - Premium Basic Science Collection
910 ## - USER-OPTION DATA (OCLC)
User-option data Library of Congress record
942 ## - ADDED ENTRY ELEMENTS (KOHA)
Source of classification or shelving scheme
Koha item type Book
Holdings
Withdrawn status Lost status Source of classification or shelving scheme Damaged status Not for loan Collection code Permanent Location Current Location Date acquired Total Checkouts Full call number Barcode Date last seen Date last checked out Price effective from Koha item type
            Atta-ur-Rahman School of Applied Biosciences (ASAB) Atta-ur-Rahman School of Applied Biosciences (ASAB) 06/23/2016 1 615.1 WHA ASAB3370 06/12/2017 03/07/2017 06/23/2016 Book
© 2023 Central Library, National University of Sciences and Technology. All Rights Reserved.